00621nam a2200169Ia 4500008004100000020001800041041001200059082002200071100002000093245005200113260003800165300001300203650002100216942000700237999001900244952018800263231217s9999 xx 000 0 und d a0-8247-6548-6 aEnglish a629.836 LAN;1 R aLandau, Yoan D. 0aAdaptive control : the model reference approach c1979bMarcel Dekker IncaNew York axix, 406 aAdaptive,control cAA c195703d195703 r2024-01-26 00:00:00l0o629.836 LAN;1 Rp86952v265.00w2024-01-26yAA1040708CL00aMLbMLcCLd2013-08-12eDeepa Book Bindersg265.00ETCKDBB/016/2013L08/11/2022GRSF1V0W0